الحداثة (رقم التسجيلة. 175824)

تفاصيل مارك
000 -LEADER
fixed length control field 01081nasaa2200289 i 4500
003 - EG-GICUS
control field EG-GICUS
005 - DATE AND TIME OF LATEST TRANSACTION
control field 20251117122300.0
008 - FIXED-LENGTH DATA ELEMENTS--GENERAL INFORMATION
fixed length control field 251113b1994uuuule qr p 0 0ara d
040 ## - CATALOGING SOURCE
Original cataloging agency EG-GiCUC
Language of cataloging ara
Transcribing agency EG-GiCUC
Description conventions rda
041 ## - LANGUAGE CODE
Language code of text/sound track or separate title ara
043 ## - GEOGRAPHIC AREA CODE
Geographic area code a-le---
049 ## - LOCAL HOLDINGS (OCLC)
Acquisition Source إهداء
092 ## - LOCALLY ASSIGNED DEWEY CALL NUMBER (OCLC)
Edition number 21
Classification number 956.6
Item number A3162
099 ## - LOCAL FREE-TEXT CALL NUMBER (OCLC)
Classification number 956.6 A3162
222 #2 - KEY TITLE
Key title الحداثة
245 02 - TITLE STATEMENT
Title الحداثة
246 03 - VARYING FORM OF TITLE
Title proper/short title al-Ḥadāthah.
264 ## - PRODUCTION, PUBLICATION, DISTRIBUTION, MANUFACTURE, AND COPYRIGHT NOTICE
Place of production, publication, distribution, manufacture بيروت، لبنان :
Name of producer, publisher, distributor, manufacturer ؛دار الحداثة للطباعة والنشر والتوزيع
Date of production, publication, distribution, manufacture, or copyright notice 1994-
300 ## - PHYSICAL DESCRIPTION
Extent مجلدات:
Other physical details ايضاحيات ;
Dimensions 24سم.
310 ## - CURRENT PUBLICATION FREQUENCY
Authority record control number or standard number فصلية
362 1# - DATES OF PUBLICATION AND/OR SEQUENTIAL DESIGNATION
Dates of publication and/or sequential designation السنة 1.، العدد 1. و 2. (صيف وخريف 1994)-
541 ## - IMMEDIATE SOURCE OF ACQUISITION NOTE
Source of acquisition إهداء
Date of acquisition 2024-10-24
Location القاهرة
Gift اهداء د/جابر عصفور
588 ## - SOURCE OF DESCRIPTION NOTE
Institution to which field applies الوصف مأخوذمن : السنة العاشرة العددان الثالث والسبعون والرابع والسبعون صيف 2003
651 #0 - SUBJECT ADDED ENTRY--GEOGRAPHIC NAME
Geographic name لبنان
General subdivision حضارة
Form subdivision دوريات
Source of heading or term qarmak
905 ## - LOCAL DATA ELEMENT E, LDE (RLIN)
Cataloger Suzan
Reviser Abeer
942 ## - ADDED ENTRY ELEMENTS (KOHA)
Suppress in OPAC No
Koha item type Continuing Resources
999 ## -
-- 175824
-- 175824
المقتنيات
Barcode Full call number Home library Current library Source of classification or shelving scheme Copy number Koha item type Source of acquisition
0103010G002103070073 956.6 A3162 المكتبة المركزبة الجديدة - جامعة القاهرة قاعة الصحف والدوريات - الدور الثالث Dewey Decimal Classification n.73.74 Continuing Resources اهداء د/ جابر عصفور
Cairo University Libraries Portal Implemented & Customized by: Eng. M. Mohamady Contacts: new-lib@cl.cu.edu.eg | cnul@cl.cu.edu.eg
CUCL logo CNUL logo
© All rights reserved — Cairo University Libraries
CUCL logo
Implemented & Customized by: Eng. M. Mohamady Contact: new-lib@cl.cu.edu.eg © All rights reserved — New Central Library
CNUL logo
Implemented & Customized by: Eng. M. Mohamady Contact: cnul@cl.cu.edu.eg © All rights reserved — Cairo National University Library